| 000 | 00759nam a22002177a 4500 | ||
|---|---|---|---|
| 999 |
_c9265 _d9265 |
||
| 003 | AR-CdUCM | ||
| 008 | 190327b ||||| |||| 00| 0 spa d | ||
| 040 |
_aMUNICIPALIDAD PROVINCIAL DEL CUSCO _cBIBLIOTECA MUNICIPAL DEL CUSCO |
||
| 082 |
_a305.1 / _bB83 |
||
| 100 |
_aBreese, Gerald _925360 |
||
| 245 |
_aLa urbanización : _bEn los países de desarrollo reciente / |
||
| 260 |
_aMéxico : _bUteha, _c1968. |
||
| 300 |
_a254 páginas ; _c18 cm. |
||
| 440 |
_aManuales Uteha _n368 _925361 |
||
| 505 | _aContenido : Prologo -- Escala y ritmo de urbanización -- La ciudad -- Los habitantes -- La ciudad en desarrollo ... | ||
| 650 |
_aUrbanización _95054 |
||
| 650 |
_aDesarrollo _92021 |
||
| 650 |
_aCiudad _915909 |
||
| 942 |
_2ddc _cLIBROS |
||
| 945 | _arah | ||